Feeds and feeding
Saved in:
| Main Author: | |
|---|---|
| Format: | Book |
| Language: | Undetermined |
| Published: |
Reston, Va.
Reston Pub. Co.
1975
|
| Subjects: | |
| Tags: |
Add Tag
No Tags, Be the first to tag this record!
|
| Institutions: | Trung tâm Học liệu Trường Đại học Cần Thơ |
|---|
| LEADER | 00495nam a2200181Ia 4500 | ||
|---|---|---|---|
| 001 | CTU_125821 | ||
| 008 | 210402s9999 xx 000 0 und d | ||
| 082 | |a 636.084 | ||
| 082 | |b C967 | ||
| 100 | |a Cullison, Arthur E. | ||
| 245 | 0 | |a Feeds and feeding | |
| 245 | 0 | |c Arthur E. Cullison | |
| 260 | |a Reston, Va. | ||
| 260 | |b Reston Pub. Co. | ||
| 260 | |c 1975 | ||
| 650 | |a Feeds,Animal nutrition,Animal feeding | ||
| 904 | |i Hiếu | ||
| 980 | |a Trung tâm Học liệu Trường Đại học Cần Thơ | ||